000
00314nam a22001457a 4500
999
_c
54910
_d
54910
008
190925b ||||| |||| 00| 0 eng d
020
_a
9780071549677
041
_a
eng
080
_2
004
_a
004
082
_a
004
100
_a
28
101
_a
SHKI
245
_a
Facebook Aplication
_c
Feiler,J
942
_2
udc
_c
BK